Κύπρος - Μικρασία, κοιτίδες πολιτισμού : πρακτικά Ά Επιστημονικού Συμποσίου

Saved in:
Bibliographic Details
Corporate Author: Σύνδεσμος Μικρασιατών Κύπρου. Συνέδριο
Other Authors: Χοτζάκογλου, Χαράλαμπος Γ. (Editor)
Format: Book
Language:Greek
Published: Λευκωσία : Σύνδεσμος Μικρασιατών Κύπρου, 2015.
Subjects:
Tags: Add Tag
No Tags, Be the first to tag this record!

MARC

LEADER 00000cam a2200000 a 4500
001 1/110092
008 160229s2015####cy | ||| |||| ||gre||
020 |a 9789963284252 
040 |a GR-MyUa  |b gre  |c GR-MyUa  |e AACR2 
041 0 |a gre 
082 7 |a 938.291   |2 (23) 
110 2 |a Σύνδεσμος Μικρασιατών Κύπρου.   |b Συνέδριο   |n (1ο :   |d 2012 :   |c Λευκωσία, Κύπρος) 
245 0 0 |a Κύπρος - Μικρασία, κοιτίδες πολιτισμού :   |b πρακτικά Ά Επιστημονικού Συμποσίου /   |c Σύνδεσμος Μικρασιατών Κύπρου ; επιμέλεια Χαράλαμπος Γ. Χοτζάκογλου.  
260 |a Λευκωσία :   |b Σύνδεσμος Μικρασιατών Κύπρου,   |c 2015.  
300 |a 276 σ. :   |b πίν., εικ., φωτ. ;   |c 29 εκ.  
504 |a Περιλαμβάνει βιβλιογραφικές παραπομπές και ευρετήριο.  
650 0 |a Population transfers  |x Greeks  |x History  |y 20th century. 
651 0 |a Cyprus  |x History  |y 20th century  |x Sources. 
651 0 |a Cyprus  |x Civilization. 
651 0 |a Turkey  |x Civilization  |y 20th century. 
651 0 |a Turkey  |x Emigration and immigration  |x History  |y 20th century. 
700 1 |a Χοτζάκογλου, Χαράλαμπος Γ.  |e edt 
852 |a INST  |b RHODES  |e 20160229  |h 938.291 ΚΥΠ  |p 005400038247  |q 005400038247  |t BK  |y 0 
970 |z 29-02-2016